000 01701nem0a2200337 4500
001 RU\NLR\BIBL_A\022660584
005 20251123120900.0
010 _a978-5-533-03326-8
_96 000
035 _a(NLR Aleph) 022660584
090 _a13466606
_c13466606
100 _a20251106d2025 m y0rusy50 ca
101 0 _arus
102 _aRU
120 _abya xx||
123 3 _aa
_b250000000
_b20000000
200 1 _aЭкономическая и социальная география мира
_bКарты
_eАтлас: 10-11 классы
_fСост. и подгот. к изд. ООО "Русское слово-учебник" в 2016 г.,
_gАвт- сост.: Т. Ачкасова, С. Банников
_gРед. Старкова И.
205 _a8-е изд., Испр. в 2023 г.
206 _a[М-бы разные]
210 _aМосква
_cРусское слово-учебник
_d2025
215 _a1 атл. (75 с.)
_cцв., текст
_d22х29 см
509 0 1 _7ca
_aМир
_92633185
_3RU\NLR\auth_crt\551
606 1 _aЭкономическая география
_jАтласы учебные для средней школы
_9944451
_3RU\NLR\AUTH\6631366
607 _aЗарубежные страны
_jАтласы учебные для средней школы
_xЭкономическая география
_91121842
_3RU\NLR\AUTH\66444631
608 _aСоциально-экономические атласы учебные
_92298314
_3RU\NLR\AUTH\6601602904
702 1 _aСтаркова
_bИ.
_4340
702 1 _aАчкасова
_bТ.
_4070
702 1 _aБанников
_bС.
_4070
852 _aNLR
_bК
_j4-Мир 6/5323
_m25-76
942 _cMAP
980 _aNB